000 02105nam a2200541 i 4500
001 41858
003 KOSZ 005
005 20220505132512.0
008 030704s2002 pl a f f |001 0 pol
015 _aUWD 2007/7045
020 _a8372792240
035 _a991020937249705066
035 _a(PL-WaBN)b15670703-48omnis_nlop
035 _ab15670703
035 _a(OCoLC)749457234
035 _azz2002961526
035 _a(PL)b0000001567070
035 _a(EXLNZ-48OMNIS_NETWORK)9910322783205606
040 _aWA N
_cWA N
_dKOSZ 005/HR
041 1 _apol
_heng
046 _k2002
080 _a004.451
080 _a004.774
080 _a(07)
100 1 _aGross, Christian
_c(informatyk)
_eAutor
245 1 0 _aWindows DNA :
_bporadnik dla programistów /
_cChristian Gross ; przekł. z jęz. ang. Stanisław Piech.
246 1 _iTyt. oryg.:
_aProgramer's introduction to Windows DNA
246 1 4 _aWprowadzenie do Windows DNA :
_bporadnik dla programistów :
_bwybór optymalnych technologii Windows DNA, wybór technologii Windows DNA najlepiej nadających się do wykorzystania w aplikacjach przeznaczonych dla przedsiębiorstw, opis technologii i usług systemu Windows 2000
260 _aWarszawa :
_bWydawnictwo "Mikom",
_c2002.
300 _a693 s. :
_bil. ;
_c24 cm +
_edysk optyczny (CD-ROM).
336 _aTekst
_btxt
_2rdacontent
337 _aBez urządzenia pośredniczącego
_bn
_2rdamedia
338 _aWolumin
_bnc
_2rdacarrier
380 _aKsiążki
388 _a2001-
490 1 _aNowa Biblioteka Programisty
500 _aTyt. oryg.: "A programer's introduction to Windows DNA" 2001.
504 _aIndeks.
650 7 _aWindows DNA
_2DBN
655 7 _aPodręcznik
_2DBN
658 _aInformatyka i technologie informacyjne
700 1 _aPiech, Stanisław
_eTłumaczenie
710 2 _aWydawnictwo Mikom
_4pbl
830 0 _aNowa Biblioteka Programisty
856 _uhttp://koha.tu.koszalin.pl/cgi-bin/koha/opac-detail.pl?biblionumber=41858
_yKatalog online BPK
942 _2UKD
_cKS
999 _c41858
_d41858